[Event "SWE-chT Lag SM"]
[Site "Stockholm"]
[Date "2021.10.22"]
[Round "1.1"]
[White "Rothen, Hakan Nils Karl"]
[Black "Cederstam Barsk, Carl"]
[Result "0-1"]
[WhiteElo "2253"]
[BlackElo "2366"]
[PlyCount "102"]
[EventDate "2021.10.22"]
[EventType "team-tourn"]
[EventRounds "3"]
[EventCountry "SWE"]
[SourceTitle "CBM 204 Extra"]
[Source "ChessBase"]
[SourceDate "2021.11.30"]
[SourceVersion "1"]
[SourceVersionDate "2021.11.30"]
[SourceQuality "1"]
[WhiteTeam "Eksjo"]
[BlackTeam "Stockholm SS"]
[WhiteTeamCountry "SWE"]
[BlackTeamCountry "SWE"]

1. d4 Nf6 2. Nf3 e6 3. e3 d5 4. Bd3 c5 5. b3 Nc6 6. Bb2 cxd4 7. exd4 Bb4+ 8. Nbd2 0-0 9. 0-0 Nh5 10. a3 Bd6 11. Re1 Nf4 12. Bf1 Ng6 13. c4 Qf6 14. Qe2 Qf5 15. c5 Bc7 16. b4 f6 17. Qd3 Qh5 18. g3 Nce7 19. Be2 Qh3 20. Bd1 Kh8 21. Qf1 Qf5 22. Re3 e5 23. Qe2 e4 24. Ne1 Qd7 25. Qh5 f5 26. f4 Nxf4 27. gxf4 Bxf4 28. Rh3 Bh6 29. Qe2 Rf6 30. Rb3 Qe6 31. Bc2 Bd7 32. b5 Raf8 33. a4 Ng6 34. Raa3 Nf4 35. Qf1 Rg6+ 36. Kh1 Nh5 37. Rh3 Nf6 38. Ng2 Bxd2 39. Nf4 Bxf4 40. Qxf4 Ng4 41. Bd1 a6 42. Be2 Qe8 43. c6 bxc6 44. b6 Qb8 45. Qf1 Qxb6 46. Rab3 Qa5 47. Ba3 Rg8 48. Bb4 Qxa4 49. Bc5 f4 50. Rb2 Qa1 51. Bxa6 Qxb2 0-1

[Event "EU-Cup Online Gr-E"]
[Site "Tornelo INT"]
[Date "2021.03.28"]
[Round "8.3"]
[White "Garrido Dominguez, Jesus"]
[Black "Cederstam Barsk, Carl"]
[Result "1-0"]
[WhiteElo "2413"]
[BlackElo "2366"]
[PlyCount "103"]
[EventDate "2021.03.27"]
[EventType "team-tourn (rapid)"]
[EventRounds "9"]
[EventCountry "NET"]
[SourceTitle "CBM 201 Extra"]
[Source "ChessBase"]
[SourceDate "2021.05.31"]
[SourceVersion "1"]
[SourceVersionDate "2021.05.31"]
[SourceQuality "1"]
[WhiteTeam "Villalba 64 Miscasa"]
[BlackTeam "Stockholm CC"]
[WhiteTeamCountry "ESP"]
[BlackTeamCountry "SWE"]

1. e4 c6 2. d4 d5 3. exd5 cxd5 4. Bd3 Nc6 5. c3 Qc7 6. h3 g6 7. Nf3 Nf6 8. Na3 a6 9. Nc2 Bf5 10. Bg5 Bxd3 11. Qxd3 Ne4 12. Be3 Bg7 13. 0-0 0-0 14. Rae1 e6 15. Nd2 Nd6 16. Bf4 Qd7 17. Ne3 Rad8 18. Nb3 a5 19. Nc5 Qc8 20. Bxd6 Rxd6 21. Qb5 Bxd4 22. Nxb7 Rd7 23. Nxa5 Bxe3 24. Nxc6 Rb7 25. Rxe3 Rxb5 26. Ne7+ Kg7 27. Nxc8 Rxc8 28. Re2 Ra8 29. Ra1 Rba5 30. a3 Rb5 31. Kf1 Rb3 32. Ke1 Rab8 33. Ra2 e5 34. Kd1 d4 35. cxd4 exd4 36. a4 Ra8 37. Re5 Kf6 38. Rd5 Rb4 39. a5 Ke6 40. Rc5 Kd6 41. Rc1 Rb5 42. a6 Rb6 43. a7 Rb7 44. Rca1 Kd5 45. Kd2 Kc4 46. Ra4+ Kb3 47. R1a2 Rd7 48. Kd3 f5 49. Ra6 g5 50. R2a5 Rb7 51. Rxf5 Kxb2 52. Rxg5 1-0

[Event "SWE-chT 1920 Elite"]
[Site "Sweden"]
[Date "2020.01.31"]
[Round "6"]
[White "Cederstam Barsk, Carl"]
[Black "Lagerborg, Krister"]
[Result "1-0"]
[WhiteElo "2351"]
[BlackElo "2141"]
[PlyCount "48"]
[EventDate "2019.10.18"]
[EventType "team-tourn"]
[EventRounds "9"]
[EventCountry "SWE"]
[SourceTitle "EXT 2023"]
[Source "ChessBase"]
[SourceDate "2022.10.05"]
[SourceVersion "1"]
[SourceVersionDate "2022.10.05"]
[SourceQuality "1"]
[WhiteTeam "Stockholm CC"]
[BlackTeam "Farsta"]
[WhiteTeamCountry "SWE"]
[BlackTeamCountry "SWE"]

1. e4 c5 2. Nf3 d6 3. Bb5+ Nd7 4. Ba4 a6 5. c4 e5 6. Nc3 g6 7. b4 b6 8. Rb1 Ngf6 9. bxc5 bxc5 10. Bc6 Ra7 11. Qa4 Qc7 12. Nd5 Nxd5 13. cxd5 Be7 14. d3 Bd8 15. 0-0 f6 16. Nd2 0-0 17. Nc4 Nb8 18. Bh6 Rf7 19. Be8 Re7 20. f4 Bd7 21. Bxd7 Nxd7 22. fxe5 Nxe5 23. Rxf6 Nf7 24. Rxf7 Rxf7 1-0

[Event "SWE-chT 1920 Elite"]
[Site "Sweden"]
[Date "2019.10.19"]
[Round "2.5"]
[White "Helgason, Reynir"]
[Black "Cederstam Barsk, Carl"]
[Result "1-0"]
[WhiteElo "2263"]
[BlackElo "2351"]
[PlyCount "109"]
[EventDate "2019.10.18"]
[EventType "team-tourn"]
[EventRounds "9"]
[EventCountry "SWE"]
[SourceTitle "CBM 194 Extra"]
[Source "ChessBase"]
[SourceDate "2020.03.31"]
[SourceVersion "1"]
[SourceVersionDate "2020.03.31"]
[SourceQuality "1"]
[WhiteTeam "Limhamn"]
[BlackTeam "Stockholm CC"]
[WhiteTeamCountry "SWE"]
[BlackTeamCountry "SWE"]

1. Nf3 Nf6 2. g3 e6 3. Bg2 d5 4. 0-0 c5 5. d4 cxd4 6. Nxd4 e5 7. Nf3 e4 8. Nd4 Bc5 9. Bg5 Nbd7 10. c4 Qb6 11. Nb3 dxc4 12. Nxc5 Qxc5 13. Be3 Qc6 14. Nc3 b5 15. a4 b4 16. Nb5 Nb6 17. Qd6 Bd7 18. Nc7+ Kd8 19. Qxc6 Bxc6 20. Nxa8 Bxa8 21. a5 Nc8 22. Rfd1+ Kc7 23. Bc5 b3 24. Bd4 Re8 25. Rac1 Nd6 26. Bxa7 Bd5 27. Bc5 Nb5 28. Be3 Kc6 29. Rd2 Ng4 30. Bb6 f5 31. f3 Nf6 32. f4 Be6 33. e3 Nd7 34. Bd4 Nxd4 35. Rxd4 Nc5 36. Bf1 Nd3 37. Bxd3 exd3 38. Rxd3 Kb5 39. Rd4 Kxa5 40. e4 Kb5 41. exf5 Bf7 42. Kf2 Re7 43. Re1 Ra7 44. Re2 Ra2 45. Rd7 Bh5 46. Red2 Kc6 47. R7d4 Kc5 48. Ke3 Bg4 49. Rd7 Kc6 50. Rxg7 Bxf5 51. Kd4 Bd3 52. g4 Kb5 53. f5 Ra8 54. Rb7+ Kc6 55. Rxh7 1-0

[Event "Nordic-ch"]
[Site "Sarpsborg"]
[Date "2019.06.26"]
[Round "8"]
[White "Chatalbashev, Boris"]
[Black "Cederstam Barsk, Carl"]
[Result "1-0"]
[WhiteElo "2527"]
[BlackElo "2334"]
[PlyCount "69"]
[EventDate "2019.06.21"]
[EventType "swiss"]
[EventRounds "9"]
[EventCountry "NOR"]
[SourceTitle "CBM 191 Extra"]
[Source "ChessBase"]
[SourceDate "2019.09.30"]
[SourceVersion "1"]
[SourceVersionDate "2019.09.30"]
[SourceQuality "1"]

1. d4 d5 2. c4 e6 3. Nc3 Nf6 4. cxd5 exd5 5. Bg5 c6 6. e3 Be7 7. Bd3 Nbd7 8. Qc2 h6 9. Bh4 Nh5 10. Bxe7 Qxe7 11. Nge2 Nb6 12. 0-0 0-0 13. Rae1 Bd7 14. Nc1 Rae8 15. Nb3 Qg5 16. Nc5 Bc8 17. b4 a6 18. a4 Nc4 19. Bxc4 dxc4 20. a5 f5 21. f4 Qh4 22. g3 Qe7 23. N3a4 Be6 24. e4 Bf7 25. e5 Bd5 26. Nb6 g5 27. Qe2 Qf7 28. fxg5 f4 29. Qg4 hxg5 30. e6 Qg6 31. Nxd5 cxd5 32. Re5 fxg3 33. Rxg5 Rxf1+ 34. Kxf1 Rf8+ 35. Ke1 1-0

[Event "Nordic-ch"]
[Site "Sarpsborg"]
[Date "2019.06.25"]
[Round "7"]
[White "Cederstam Barsk, Carl"]
[Black "Kvaloy, Aksel Bu"]
[Result "1-0"]
[WhiteElo "2334"]
[BlackElo "2138"]
[PlyCount "97"]
[EventDate "2019.06.21"]
[EventType "swiss"]
[EventRounds "9"]
[EventCountry "NOR"]
[SourceTitle "CBM 191 Extra"]
[Source "ChessBase"]
[SourceDate "2019.09.30"]
[SourceVersion "1"]
[SourceVersionDate "2019.09.30"]
[SourceQuality "1"]

1. Nf3 d5 2. d4 Nf6 3. c4 e6 4. Nc3 Bb4 5. cxd5 exd5 6. Qa4+ Nc6 7. Bg5 h6 8. Bxf6 Qxf6 9. e3 0-0 10. Be2 Be6 11. 0-0 a6 12. Rfc1 Bd6 13. Qd1 Ne7 14. Na4 b6 15. b4 a5 16. a3 Bd7 17. Nc5 Bf5 18. Na6 Ra7 19. bxa5 Bc8 20. axb6 Rxa6 21. Bxa6 Bxa6 22. bxc7 Rc8 23. Qa4 Rxc7 24. Ne5 Rxc1+ 25. Rxc1 Bxe5 26. dxe5 Qe6 27. e4 Bb7 28. Qb4 Bc6 29. exd5 Qxd5 30. f3 Qxe5 31. Re1 Qg5 32. Qxe7 Qg6 33. Qe3 h5 34. Rc1 h4 35. h3 Bd7 36. Qd4 Qg5 37. Rc5 Qg3 38. Qe5 Qg6 39. Qb8+ Kh7 40. Qb4 Qh6 41. Qe4+ Kg8 42. Kh1 Qd2 43. Rd5 Qc1+ 44. Kh2 Qc7+ 45. Qe5 Qc8 46. Qd6 Qc1 47. Qb8+ Bc8 48. Rd8+ Kh7 49. Rxc8 1-0

[Event "Nordic-ch"]
[Site "Sarpsborg"]
[Date "2019.06.21"]
[Round "1"]
[White "Cederstam Barsk, Carl"]
[Black "Johansen, Torbjorn Reidar"]
[Result "1-0"]
[WhiteElo "2334"]
[BlackElo "1754"]
[PlyCount "37"]
[EventDate "2019.06.21"]
[EventType "swiss"]
[EventRounds "9"]
[EventCountry "NOR"]
[SourceTitle "CBM 191 Extra"]
[Source "ChessBase"]
[SourceDate "2019.09.30"]
[SourceVersion "1"]
[SourceVersionDate "2019.09.30"]
[SourceQuality "1"]

1. Nf3 Nf6 2. c4 c5 3. Nc3 Nc6 4. g3 g6 5. Bg2 Bg7 6. 0-0 0-0 7. d4 cxd4 8. Nxd4 a6 9. c5 Qa5 10. Nb3 Qc7 11. Bf4 e5 12. Bg5 b5 13. Nd2 Ra7 14. Nde4 Nxe4 15. Nxe4 Nd8 16. Be7 Re8 17. Bd6 Qa5 18. Bb8 Rc7 19. b4 1-0

[Event "SWE-chT 1819 Elite"]
[Site "Sweden"]
[Date "2019.03.29"]
[Round "7.4"]
[White "Schneider, Stefan"]
[Black "Cederstam Barsk, Carl"]
[Result "1/2-1/2"]
[WhiteElo "2365"]
[BlackElo "2317"]
[PlyCount "82"]
[EventDate "2018.11.09"]
[EventType "team-tourn"]
[EventRounds "9"]
[EventCountry "SWE"]
[SourceTitle "CBM 189 Extra"]
[Source "ChessBase"]
[SourceDate "2019.06.03"]
[SourceVersion "1"]
[SourceVersionDate "2019.06.03"]
[SourceQuality "1"]
[WhiteTeam "Limhamn"]
[BlackTeam "Stockholm CC"]
[WhiteTeamCountry "SWE"]
[BlackTeamCountry "SWE"]

1. d4 d5 2. c4 e6 3. Nc3 Nf6 4. cxd5 exd5 5. Bg5 Be7 6. e3 c6 7. Bd3 0-0 8. Qc2 h6 9. Bh4 Nh5 10. Bxe7 Qxe7 11. Nge2 Nd7 12. 0-0 Nb6 13. Rae1 Bd7 14. Nc1 Rae8 15. Nb3 Nc8 16. Nc5 Nd6 17. Qa4 Bc8 18. Qxa7 Qg5 19. Kh1 f5 20. Be2 f4 21. Bxh5 Qxh5 22. exf4 Bh3 23. f3 Rxe1 24. Rxe1 Nf5 25. Re2 Nxd4 26. Rf2 Bc8 27. Nd3 Ne6 28. Ne2 Qg6 29. Qe3 b6 30. Rf1 Ba6 31. Rd1 Bxd3 32. Rxd3 Nxf4 33. Nxf4 Rxf4 34. h3 Rc4 35. Qd2 Qf6 36. a3 b5 37. Re3 Qd4 38. Rd3 Qc5 39. Qe2 Rc1+ 40. Kh2 Qg1+ 41. Kg3 Re1 1/2-1/2

[Event "SWE-chT 1718 Elite"]
[Site "Sweden"]
[Date "2018.03.18"]
[Round "9"]
[White "Bouaziz, Nejib"]
[Black "Cederstam Barsk, Carl"]
[Result "0-1"]
[WhiteElo "2003"]
[BlackElo "2319"]
[PlyCount "98"]
[EventDate "2017.10.20"]
[EventType "team-tourn"]
[EventRounds "9"]
[EventCountry "SWE"]
[SourceTitle "EXT 2019"]
[Source "ChessBase"]
[SourceDate "2018.10.10"]
[SourceVersion "1"]
[SourceVersionDate "2018.10.10"]
[SourceQuality "1"]
[WhiteTeam "Lunds"]
[BlackTeam "Stockholm SS"]
[WhiteTeamCountry "SWE"]
[BlackTeamCountry "SWE"]

1. e4 e5 2. Nf3 Nc6 3. Bb5 a6 4. Ba4 g6 5. 0-0 Bg7 6. c3 d6 7. h3 Nf6 8. Re1 0-0 9. d4 Qe8 10. Nbd2 Nh5 11. Nf1 Kh8 12. Bc2 Nd8 13. Ng3 Nf4 14. Bxf4 exf4 15. Ne2 Bh6 16. Qd2 Qe7 17. d5 Rg8 18. Ned4 f6 19. b4 Nf7 20. Ne6 Bxe6 21. dxe6 Qxe6 22. Bb3 Qd7 23. Qd5 Ne5 24. Nxe5 fxe5 25. f3 c6 26. Qd2 Rgd8 27. Red1 Bg5 28. c4 Qc7 29. Qf2 Be7 30. Kh1 Kg7 31. Qc2 h5 32. Rac1 b6 33. a3 Rh8 34. c5 dxc5 35. Qc4 Rhd8 36. Qf7+ Kh6 37. bxc5 b5 38. Kh2 Rf8 39. Qe6 Rad8 40. Rxd8 Rxd8 41. Qf7 Rd2 42. Be6 Qd8 43. Qg8 Rxg2+ 44. Kxg2 Qd2+ 45. Kf1 Qxc1+ 46. Kg2 Qd2+ 47. Kf1 Qd1+ 48. Kg2 Qe2+ 49. Kh1 Qxf3+ 0-1